[Event "KAZ-ch sf"]
[Site "Pavlodar"]
[Date "2016.02.07"]
[Round "2"]
[White "Kirsanov, Nikolai"]
[Black "Mansurov, Sergei"]
[Result "0-1"]
[WhiteElo "1579"]
[BlackElo "1925"]
[PlyCount "59"]
[EventDate "2016.02.05"]
[EventType "swiss"]
[EventRounds "9"]
[EventCountry "KAZ"]
[SourceTitle "CBM 171 Extra"]
[Source "ChessBase"]
[SourceDate "2016.04.26"]
[SourceVersion "1"]
[SourceVersionDate "2016.04.26"]
[SourceQuality "1"]

1. d4 d5 2. Nf3 Nf6 3. e3 Bg4 4. Bd3 e6 5. Nbd2 Nbd7 6. c4 Bb4 7. Qb3 c5 8. 0-0 0-0 9. Ne5 Bxd2 10. Bxd2 cxd4 11. Nxg4 Nxg4 12. exd4 dxc4 13. Bxc4 Nb6 14. Be2 Nf6 15. Bb4 Re8 16. Bb5 Nbd7 17. Qf3 Qb6 18. Bxd7 Nxd7 19. Bc3 Nf6 20. a4 Nd5 21. a5 Qb5 22. h4 Rac8 23. h5 Rc6 24. Rfb1 Qb3 25. h6 Qc2 26. hxg7 Rec8 27. Qd1 Qg6 28. g3 Qxg7 29. Kg2 f5 30. Ra3 0-1